Sports Quiz

Random Sports Quiz

Wayne Rooney's England Teammates Quiz Stats

 Plays Quiz not verified by Sporcle

Score 0/104 Timer 15:00
1 Play Today
Position Player % Correct
Central MidfieldFrank Lampard
98%
GoalkeeperJoe Hart
98%
Left BackAshley Cole
96.6%
Central MidfieldSteven Gerrard
96.6%
Central DefenceRio Ferdinand
94.6%
Central MidfieldJoe Cole
94.6%
Central DefenceJohn Terry
94.1%
Right MidfieldDavid Beckham
93.2%
StrikerMichael Owen
90.2%
Right BackGary Neville
89.8%
StrikerCarlton Cole
89.3%
Left BackPhil Neville
88.3%
Central DefenceGary Cahill
87.8%
Central MidfieldPaul Scholes
86.8%
StrikerJermain Defoe
86.3%
StrikerTheo Walcott
86.3%
StrikerPeter Crouch
86.3%
GoalkeeperDavid James
85.9%
StrikerHarry Kane
85.4%
Right BackGlen Johnson
84.9%
Right BackKyle Walker
84.4%
Central DefencePhil Jones
83.4%
Central DefenceChris Smalling
82.9%
StrikerEmile Heskey
82.4%
Left BackLeighton Baines
82.4%
Central MidfieldJordan Henderson
82%
GoalkeeperPaul Robinson
81.5%
Left MidfieldAdam Johnson
81%
Central MidfieldMichael Carrick
80%
Utility PlayerJames Milner
78.5%
StrikerAndrew Johnson
78.5%
Left MidfieldAshley Young
78%
Central DefenceJamie Carragher
77.1%
Winger/StrikerRaheem Sterling
76.6%
StrikerJamie Vardy
76.6%
Position Player % Correct
Central MidfieldGareth Barry
75.6%
StrikerDanny Welbeck
75.6%
Left BackDanny Rose
75.6%
StrikerDaniel Sturridge
73.7%
Central DefenceLuke Young
73.7%
Central DefencePhil Jagielka
72.7%
Left BackLuke Shaw
72.2%
Central DefenceSol Campbell
71.7%
Central MidfieldDele Alli
71.7%
GoalkeeperRob Green
70.7%
GoalkeeperBen Foster
70.2%
Central DefenceLedley King
68.8%
Central DefenceJohn Stones
68.8%
Central MidfieldAdam Lallana
68.3%
Central MidfieldEric Dier
68.3%
Central MidfieldJack Wilshere
67.8%
Central MidfieldOwen Hargreaves
66.8%
GoalkeeperFraser Forster
66.8%
StrikerMarcus Rashford
65.9%
Right MidfieldAaron Lennon
65.4%
Central MidfieldNicky Butt
65.4%
StrikerDarren Bent
65.4%
Right MidfieldShaun Wright-Phillips
63.4%
StrikerAndy Carroll
63.4%
Winger/StrikerAlex Oxlade-Chamberlain
62%
Central DefenceMatthew Upson
60.5%
StrikerRickie Lambert
60.5%
StrikerAlan Smith
60.5%
Left BackWayne Bridge
58%
Left BackRyan Bertrand
58%
Right BackNathaniel Clyne
57.1%
Central MidfieldScott Parker
57.1%
Left MidfieldStewart Downing
55.1%
Central DefenceJoleon Lescott
54.1%
Central MidfieldJermaine Jenas
54.1%
Position Player % Correct
GoalkeeperJack Butland
54.1%
Central MidfieldRoss Barkley
53.7%
Central DefenceMicah Richards
53.7%
Central DefenceWes Brown
53.2%
GoalkeeperTom Heaton
53.2%
Winger/StrikerJesse Lingard
49.8%
Central MidfieldDanny Drinkwater
49.8%
Left MidfieldKeiron Dyer
49.3%
StrikerDarius Vassell
48.3%
StrikerKevin Davies
46.8%
Right BackDanny Mills
45.4%
Central MidfieldDanny Murphy
45.4%
Central DefenceMichael Dawson
44.4%
Right MidfieldDavid Bentley
42.4%
Right MidfieldAndros Townsend
42%
Left BackKeiran Gibbs
39.5%
Central DefenceGareth Southgate
39%
Central MidfieldFabian Delph
38.5%
Central MidfieldTom Cleverley
37.6%
Central MidfieldTom Huddlestone
37.6%
StrikerFrancis Jeffers
37.6%
Central DefenceCalum Chambers
37.1%
Central DefenceJonathan Woodgate
36.1%
Central MidfieldJonjo Shelvey
35.6%
Left MidfieldKieran Richardson
33.7%
StrikerJames Beattie
29.3%
Central MidfieldJack Rodwell
29.3%
StrikerBobby Zamora
27.8%
StrikerJay Rodriguez
26.8%
Right BackJon Flanagan
26.3%
Left BackPaul Konchesky
25.4%
Central MidfieldRyan Mason
22.9%
Central MidfieldAlan Thompson
20.5%
Central DefenceAnthony Gardner
11.2%

You're not logged in!

Compare scores with friends on all Sporcle quizzes.
OR
Log In

Sporcle TV

Today on Sporcle TV


Watch our educational content, quiz creation guides, and fun videos on Sporcle TV.

Show Comments

Extras

Created Aug 24, 2017ReportNominate
Tags:app, England, player, position, rooney, teammate

Top Quizzes Today


Score Distribution

Your Account Isn't Verified!

In order to create a playlist on Sporcle, you need to verify the email address you used during registration. Go to your Sporcle Settings to finish the process.

Report this User

Report this user for behavior that violates our Community Guidelines.

Details: